| 000 | 00423nam a2200169 a 4500 | ||
|---|---|---|---|
| 001 | 30372 | ||
| 005 | 20180713233555.0 | ||
| 008 | 140415s1985 mx 000 0 spa d | ||
| 041 | _aspa | ||
| 082 |
_a657.45 _bAMA |
||
| 100 | 1 | _aAMADOR, RENE | |
| 245 | 1 | 0 | _aELEMENTOS DE AUDITORIA FINANCIERA Y OPERACIONAL |
| 250 | _a1a ed. | ||
| 260 |
_aMEXICO : _bPAC, _c1985 |
||
| 300 | _a107 | ||
| 650 | 1 | 4 | _aAUDITORIA |
| 999 |
_c30372 _d30372 |
||